[Event "4. Moscu Open 2008"]
[Site "Moscu RUS"]
[Date "2008.02.05"]
[Round "4.88"]
[White "Gankin, Stanislav"]
[Black "Paveliev, Alexey"]
[Result "1/2-1/2"]
[WhiteElo "2308"]
[BlackElo "2423"]
[PlyCount "96"]
[EventDate "2008.02.02"]
[EventType "swiss"]
[EventRounds "9"]
[EventCountry "RUS"]
[Source "lmi"]
[SourceDate "2008.02.02"]

1. e4 e6 2. d4 d5 3. Nc3 Bb4 4. Nge2 dxe4 5. a3 Bxc3+ 6. Nxc3 Nc6 7. Bb5 Nge7
8. Bg5 f6 9. Be3 f5 10. Qh5+ g6 11. Qh6 Kf7 12. O-O-O Ng8 13. Qf4 Nf6 14. Qh4
h6 15. Bxh6 Ng4 16. Qxd8 Nxd8 17. Be3 Kg7 18. h3 Nxe3 19. fxe3 Nf7 20. Be2 Bd7
21. Nb1 e5 22. dxe5 Be6 23. Nc3 Nxe5 24. Nd5 Rac8 25. b3 c6 26. Nf4 Bf7 27. h4
Kf6 28. g3 Rcd8 29. Nh3 Rxd1+ 30. Rxd1 Ke7 31. Rd2 Be8 32. Kd1 Nf7 33. Bc4 Ne5
34. Be2 Nd7 35. Ke1 Nf6 36. Kf2 Rg8 37. Rd1 Rg7 38. Ng5 Rg8 39. Rd4 Rh8 40. Rb4
b6 41. Rd4 Bd7 42. Nh3 c5 43. Rd1 Be6 44. Ng5 Bc8 45. Nh3 Bd7 46. Nf4 Rg8 47.
Nd5+ Nxd5 48. Rxd5 Rc8 1/2-1/2

[Event "4. Moscu Open 2008"]
[Site "Moscu RUS"]
[Date "2008.02.05"]
[Round "4.89"]
[White "Balashov, Yuri S"]
[Black "Romanko, Marina"]
[Result "1-0"]
[WhiteElo "2421"]
[BlackElo "2322"]
[PlyCount "55"]
[EventDate "2008.02.02"]
[EventType "swiss"]
[EventRounds "9"]
[EventCountry "RUS"]
[Source "lmi"]
[SourceDate "2008.02.02"]

1. e4 c5 2. Nc3 d6 3. Nge2 Nc6 4. d4 cxd4 5. Nxd4 e5 6. Nf3 h6 7. Bc4 Nf6 8. h3
Be7 9. Be3 Be6 10. Bb3 Qa5 11. O-O Rd8 12. Qe2 d5 13. exd5 Nxd5 14. Bd2 Qc7 15.
Nb5 Qb8 16. Rfe1 f6 17. Nbd4 Bf7 18. Nf5 Kf8 19. Red1 Qc8 20. Qe4 Nc7 21. Qg4
Ne8 22. N3h4 g5 23. Bxf7 Kxf7 24. Qh5+ Ke6 25. Ng6 Rh7 26. Nfxe7 Rxe7 27. Nxe7
Nxe7 28. Bb4 1-0

[Event "4. Moscu Open 2008"]
[Site "Moscu RUS"]
[Date "2008.02.05"]
[Round "4.90"]
[White "Orlov, Nikolay I"]
[Black "Purtov, Andrei"]
[Result "1/2-1/2"]
[WhiteElo "2314"]
[BlackElo "2403"]
[PlyCount "124"]
[EventDate "2008.02.02"]
[EventType "swiss"]
[EventRounds "9"]
[EventCountry "RUS"]
[Source "lmi"]
[SourceDate "2008.02.02"]

1. d4 Nf6 2. c4 g6 3. Nc3 Bg7 4. e4 d6 5. f3 O-O 6. Be3 e5 7. d5 Nh5 8. Nge2 f5
9. exf5 gxf5 10. Qc2 c5 11. dxc6 Nxc6 12. Nd5 Nf6 13. Nec3 Nxd5 14. Nxd5 Be6
15. Qd2 Rc8 16. Be2 Qh4+ 17. Bf2 Qh5 18. f4 Qf7 19. Rd1 exf4 20. O-O f3 21.
Bxf3 Ne5 22. b3 Nxf3+ 23. gxf3 f4 24. Kh1 Kh8 25. Bd4 Be5 26. Qb2 Qh5 27. Ne7
Bh3 28. Nxc8 Bxf1 29. Rxf1 Rxc8 30. Qd2 Qh3 31. Rf2 Qf5 32. Rg2 a6 33. Rg4 Rf8
34. Qb2 Qf6 35. Bxe5 dxe5 36. Rg1 Re8 37. Rd1 Qf5 38. Rd5 Kg8 39. Qd2 Re7 40.
Rd8+ Kg7 41. Qf2 Kf7 42. Qg1 Qg6 43. Qd1 Kg7 44. Rd6 Qf5 45. Rd2 Kh6 46. Qe1
Kh5 47. Rd5 Re8 48. c5 Kg6 49. b4 Kf7 50. Qd1 Re7 51. a4 h5 52. b5 axb5 53.
axb5 h4 54. Rd8 e4 55. Qg1 Re8 56. Rxe8 Kxe8 57. Qb1 Qxc5 58. Qxe4+ Kd8 59.
Qxb7 h3 60. Qg7 Qc1+ 61. Qg1 Qd2 62. Qg8+ Kc7 1/2-1/2

[Event "4. Moscu Open 2008"]
[Site "Moscu RUS"]
[Date "2008.02.05"]
[Round "4.91"]
[White "Zemtsov, Igor"]
[Black "Onoprienko, Vladimir"]
[Result "1-0"]
[WhiteElo "2400"]
[BlackElo "2318"]
[PlyCount "185"]
[EventDate "2008.02.02"]
[EventType "swiss"]
[EventRounds "9"]
[EventCountry "RUS"]
[Source "lmi"]
[SourceDate "2008.02.02"]

1. Nf3 Nf6 2. g3 g6 3. Bg2 Bg7 4. O-O O-O 5. c4 d5 6. cxd5 Nxd5 7. d4 Nc6 8.
Nc3 Nb6 9. d5 Na5 10. Qc2 c5 11. Rd1 Nac4 12. h3 Nd6 13. e4 Nbc4 14. Bf4 f6 15.
b3 Ne5 16. Bxe5 fxe5 17. Ng5 Rf6 18. h4 b5 19. Ne6 Qb6 20. a4 b4 21. a5 Qb8 22.
Na4 Bxe6 23. dxe6 Qf8 24. Rd5 Nb5 25. Nxc5 Nd4 26. Qb2 Qe8 27. Rc1 Rc8 28. Rc4
Rd8 29. Rxb4 Nxe6 30. Nxe6 Rxe6 31. Rb7 a6 32. Bf1 Rxd5 33. exd5 Rd6 34. Qc2
Bf6 35. Qc7 Qf7 36. Bd3 e4 37. Bxe4 Bd4 38. Qc2 Rf6 39. Qd1 Bxf2+ 40. Kg2 Bc5
41. Bf3 Kg7 42. b4 Bd6 43. Qd4 h5 44. Ra7 Kh7 45. Qe4 Rf5 46. Rxa6 Qf6 47. Rc6
Qb2+ 48. Rc2 Qb3 49. Re2 Re5 50. Qc2 Rxe2+ 51. Qxe2 Qxb4 52. a6 Qa3 53. Qc4 Qe3
54. Qe4 Qa3 55. Qe2 Kg7 56. Kh3 Kh7 57. Qf1 Qe3 58. Qg2 Qa3 59. Be2 Qe3 60. Qf3
Qg1 61. Bd3 Kg7 62. Be4 Qa1 63. Qd3 Bc5 64. Qc4 Qa3 65. Bd3 Qa1 66. Qe4 Qf6 67.
Qe6 Qxe6+ 68. dxe6 Kf6 69. Kg2 g5 70. hxg5+ Kxg5 71. Kh3 Ba7 72. Bb5 Bb6 73.
Be8 Ba7 74. Bf7 Bb6 75. Kg2 Kg4 76. Be8 Ba7 77. Ba4 Bb6 78. Bd1+ Kf5 79. Bxh5
Kxe6 80. Kf3 Kf5 81. Be8 e5 82. Bd7+ Kg5 83. Ke4 Bd4 84. Bf5 Kf6 85. Bh3 Bg1
86. Bg4 Kg5 87. Be2 Bf2 88. Kd5 Kf5 89. Kc6 Ke4 90. Kb7 Bd4 91. a7 Bxa7 92.
Kxa7 Ke3 93. g4 1-0

[Event "4. Moscu Open 2008"]
[Site "Moscu RUS"]
[Date "2008.02.05"]
[Round "4.92"]
[White "Nguyen, Viet Tuong"]
[Black "Aleshin, Oleg"]
[Result "0-1"]
[WhiteElo "2301"]
[BlackElo "2398"]
[PlyCount "58"]
[EventDate "2008.02.02"]
[EventType "swiss"]
[EventRounds "9"]
[EventCountry "RUS"]
[Source "lmi"]
[SourceDate "2008.02.02"]

1. e4 c6 2. d4 d5 3. Nc3 dxe4 4. Nxe4 Bf5 5. Ng3 Bg6 6. h4 h6 7. Nf3 Nd7 8. h5
Bh7 9. Bd3 Bxd3 10. Qxd3 e6 11. Bd2 Qc7 12. O-O-O Ngf6 13. Ne4 O-O-O 14. Kb1
Nxe4 15. Qxe4 Bd6 16. Qe2 c5 17. dxc5 Nxc5 18. Bc3 Rhg8 19. Rh4 a6 20. Rhd4 Rd7
21. R1d2 Rgd8 22. Qd1 e5 23. Rc4 b5 24. Rh4 f5 25. Qe1 e4 26. Ng1 Bf4 27. Rxd7
Qxd7 28. a3 Qd1+ 29. Ka2 Qxc2 0-1

[Event "4. Moscu Open 2008"]
[Site "Moscu RUS"]
[Date "2008.02.05"]
[Round "4.93"]
[White "Yarysh, Grigorij"]
[Black "Kotenko, Pavel"]
[Result "0-1"]
[WhiteElo "2294"]
[BlackElo "2390"]
[PlyCount "52"]
[EventDate "2008.02.02"]
[EventType "swiss"]
[EventRounds "9"]
[EventCountry "RUS"]
[Source "lmi"]
[SourceDate "2008.02.02"]

1. c4 Nf6 2. Nf3 g6 3. Nc3 Bg7 4. g3 O-O 5. Bg2 c6 6. O-O d5 7. cxd5 cxd5 8. d4
Ne4 9. Nxe4 dxe4 10. Ng5 Qxd4 11. Qxd4 Bxd4 12. Rd1 Nc6 13. Bxe4 Bg7 14. Rb1 h6
15. Nf3 Be6 16. a3 Rfd8 17. Rxd8+ Rxd8 18. b3 Rd1+ 19. Kg2 Bf5 20. Bxf5 gxf5
21. e3 Ne5 22. Nxe5 Bxe5 23. Kf3 Re1 24. b4 Bc3 25. a4 Bd2 26. Bxd2 Rxb1 0-1

[Event "4. Moscu Open 2008"]
[Site "Moscu RUS"]
[Date "2008.02.05"]
[Round "4.94"]
[White "Onoprijchuk, Boris"]
[Black "Gritsenko, Andrey"]
[Result "1-0"]
[WhiteElo "2390"]
[BlackElo "2317"]
[PlyCount "61"]
[EventDate "2008.02.02"]
[EventType "swiss"]
[EventRounds "9"]
[EventCountry "RUS"]
[Source "lmi"]
[SourceDate "2008.02.02"]

1. e4 c5 2. Nf3 d6 3. d4 cxd4 4. Nxd4 Nf6 5. Nc3 a6 6. Be2 e5 7. Nb3 Be7 8. O-O
O-O 9. Be3 Be6 10. Qd2 b5 11. a4 b4 12. Nd5 Nxe4 13. Nxe7+ Qxe7 14. Qxb4 f5 15.
Na5 Qc7 16. Qb7 Qxa5 17. Qxa8 d5 18. f3 Nd6 19. b4 Qxb4 20. Rab1 Qc3 21. Rxb8
Qxe3+ 22. Kh1 Rxb8 23. Qxb8+ Kf7 24. Qc7+ Kf6 25. Bxa6 Nf7 26. Bc8 Bxc8 27.
Qxc8 Qd2 28. Qa6+ Kg5 29. Qd3 Qa5 30. f4+ exf4 31. Qd4 1-0

[Event "4. Moscu Open 2008"]
[Site "Moscu RUS"]
[Date "2008.02.05"]
[Round "4.95"]
[White "Djuraev, Sokhib"]
[Black "Chudinovskikh, Alexander M"]
[Result "0-1"]
[WhiteElo "2283"]
[BlackElo "2389"]
[PlyCount "88"]
[EventDate "2008.02.02"]
[EventType "swiss"]
[EventRounds "9"]
[EventCountry "RUS"]
[Source "lmi"]
[SourceDate "2008.02.02"]

1. e4 e5 2. Nf3 Nc6 3. Bb5 a6 4. Ba4 Nf6 5. O-O Be7 6. Re1 b5 7. Bb3 O-O 8. d4
d6 9. c3 Bg4 10. Be3 exd4 11. cxd4 Na5 12. Bc2 Nc4 13. Bc1 c5 14. b3 Nb6 15.
Nbd2 Nfd7 16. h3 Bh5 17. g4 Bg6 18. d5 Bf6 19. Rb1 a5 20. a4 b4 21. Kg2 Ne5 22.
Nxe5 dxe5 23. Rb2 Bg5 24. Qe2 Rc8 25. Bd3 Rc7 26. Bc4 Nc8 27. Nf3 Bxc1 28. Rxc1
Qf6 29. Qe3 Nd6 30. Bd3 Rfc8 31. Rbc2 h6 32. h4 c4 33. h5 cxd3 34. Rxc7 Rxc7
35. Rxc7 Bxe4 36. Rc1 Qf4 37. Qxf4 exf4 38. Re1 Kf8 39. Rxe4 Nxe4 40. Kf1 Ke7
41. Nd4 Kd6 42. Nf5+ Kxd5 43. Nxg7 Kd4 44. f3 Kc3 0-1

[Event "4. Moscu Open 2008"]
[Site "Moscu RUS"]
[Date "2008.02.05"]
[Round "4.96"]
[White "Ozolin, Maxim"]
[Black "Belous, Vladimir"]
[Result "1/2-1/2"]
[WhiteElo "2387"]
[BlackElo "2312"]
[PlyCount "89"]
[EventDate "2008.02.02"]
[EventType "swiss"]
[EventRounds "9"]
[EventCountry "RUS"]
[Source "lmi"]
[SourceDate "2008.02.02"]

1. d4 Nf6 2. c4 g6 3. Nc3 Bg7 4. e4 d6 5. f3 O-O 6. Nge2 c5 7. Be3 Nc6 8. d5
Ne5 9. Ng3 h5 10. Be2 h4 11. Nf1 a6 12. a4 e6 13. Nd2 exd5 14. cxd5 Nh7 15. f4
Nd7 16. O-O Re8 17. Bd3 Nhf6 18. Qf3 Nb6 19. Kh1 Bg4 20. Qf2 h3 21. a5 Nc8 22.
Nc4 b5 23. axb6 Nxb6 24. Nxd6 Qxd6 25. Bxc5 hxg2+ 26. Kxg2 Qd7 27. Bxb6 Nxe4
28. Bxe4 Bxc3 29. Bf3 Bxf3+ 30. Qxf3 Bxb2 31. Rad1 a5 32. f5 Re5 33. fxg6 Rg5+
34. Kh1 Rxg6 35. d6 Ra6 36. Bc5 a4 37. Qf5 Re6 38. Rg1+ Bg7 39. Qd5 Ra5 40. Rg2
Kh8 41. Rdg1 Rg6 42. Qh5+ Kg8 43. Qd5 Kh7 44. Qh5+ Kg8 45. Qd5 1/2-1/2

[Event "4. Moscu Open 2008"]
[Site "Moscu RUS"]
[Date "2008.02.05"]
[Round "4.97"]
[White "Fomin, Vladimir"]
[Black "Kargin, Arseny"]
[Result "0-1"]
[WhiteElo "2242"]
[BlackElo "2386"]
[PlyCount "54"]
[EventDate "2008.02.02"]
[EventType "swiss"]
[EventRounds "9"]
[EventCountry "RUS"]
[Source "lmi"]
[SourceDate "2008.02.02"]

1. d4 d5 2. Nf3 Nf6 3. c4 c6 4. Nc3 dxc4 5. a4 Bf5 6. Bf4 Na6 7. Ne5 Nd5 8. Bg3
e6 9. Nxc4 Bb4 10. Rc1 O-O 11. e3 c5 12. Be2 cxd4 13. exd4 Be7 14. O-O Nab4 15.
Nb5 Bg5 16. Nd2 Nf4 17. Bf3 a6 18. Rc4 Nbd5 19. Nc3 Bd3 20. Rc5 Bxf1 21. Nxf1
Be7 22. Nxd5 Nxd5 23. Rc1 Rc8 24. Ne3 Rxc1 25. Qxc1 Bg5 26. Bxd5 Bxe3 27. fxe3
exd5 0-1

[Event "4. Moscu Open 2008"]
[Site "Moscu RUS"]
[Date "2008.02.05"]
[Round "4.99"]
[White "Yudin, Ivan"]
[Black "Orlinkov, Maxim L"]
[Result "0-1"]
[WhiteElo "2176"]
[BlackElo "2384"]
[PlyCount "102"]
[EventDate "2008.02.02"]
[EventType "swiss"]
[EventRounds "9"]
[EventCountry "RUS"]
[Source "lmi"]
[SourceDate "2008.02.02"]

1. d4 e6 2. c4 f5 3. Nc3 Nf6 4. Nf3 Bb4 5. g3 b6 6. Bg2 Bb7 7. O-O O-O 8. Qc2
a5 9. b3 Bxc3 10. Qxc3 Qe7 11. a3 c5 12. dxc5 bxc5 13. Bb2 Be4 14. Rfd1 Nc6 15.
Rac1 Rab8 16. Ba1 Rb7 17. Bf1 Rfb8 18. Nd2 Nd4 19. Qxa5 Nxb3 20. Nxb3 Rxb3 21.
Be5 Ra8 22. Qd2 Bc6 23. Bd6 Qe8 24. f3 Rbxa3 25. Bxc5 Ra2 26. Qd6 e5 27. Rd2
R2a6 28. Qd3 Qh5 29. Bg2 Re8 30. e4 fxe4 31. fxe4 Qg6 32. Re1 Ra4 33. Rf2 Qf7
34. Bf1 Qe6 35. Rd2 Qg4 36. Bg2 Rea8 37. h3 Qg6 38. Kh2 h5 39. Bd6 Re8 40. Rde2
Qf7 41. Rc2 Qe6 42. Ba3 Rea8 43. Rc3 Qf7 44. Rf1 Qg6 45. Rf5 R4a5 46. Qd6 Rxa3
47. Qxa3 Rxa3 48. Rxa3 Qe8 49. Ra5 Qe6 50. Raxe5 Qxc4 51. Rg5 Kf8 0-1

[Event "4. Moscu Open 2008"]
[Site "Moscu RUS"]
[Date "2008.02.05"]
[Round "4.100"]
[White "Abasov, Nijat Azad"]
[Black "Grechihin, Valery"]
[Result "1-0"]
[WhiteElo "2381"]
[BlackElo "2306"]
[PlyCount "59"]
[EventDate "2008.02.02"]
[EventType "swiss"]
[EventRounds "9"]
[EventCountry "RUS"]
[Source "lmi"]
[SourceDate "2008.02.02"]

1. e4 c5 2. Nf3 Nc6 3. d4 cxd4 4. Nxd4 Nf6 5. Nc3 d6 6. Bc4 Qb6 7. Nde2 e6 8.
O-O Be7 9. Be3 Qc7 10. f3 O-O 11. Qe1 Ne5 12. Bd3 Bd7 13. Qg3 Rfc8 14. Rad1 Kh8
15. f4 Nc4 16. Bc1 Nxb2 17. Bxb2 Qb6+ 18. Kh1 Qxb2 19. e5 Ng8 20. exd6 Bf6 21.
Ne4 g6 22. Rb1 Qa3 23. Rxb7 Rd8 24. Ng5 Kg7 25. Nxf7 a6 26. Nxd8 Rxd8 27. f5 e5
28. fxg6 h6 29. Bf5 Qxd6 30. Qd3 1-0

[Event "4. Moscu Open 2008"]
[Site "Moscu RUS"]
[Date "2008.02.05"]
[Round "4.101"]
[White "Ahmed, Sk. Nasir"]
[Black "Musaev, Mansur"]
[Result "1-0"]
[WhiteElo "2379"]
[BlackElo "2303"]
[PlyCount "48"]
[EventDate "2008.02.02"]
[EventType "swiss"]
[EventRounds "9"]
[EventCountry "RUS"]
[Source "lmi"]
[SourceDate "2008.02.02"]

1. e4 c5 2. Nf3 d6 3. g3 Nf6 4. d3 g6 5. Bg2 Bg7 6. O-O O-O 7. c3 Nc6 8. a3 Rb8
9. b4 cxb4 10. axb4 b5 11. Be3 a5 12. Nd4 Nxd4 13. Bxd4 a4 14. e5 dxe5 15. Bxe5
Rb6 16. Bd4 Rd6 17. Na3 Ba6 18. Qe2 Qd7 19. Rfe1 Rd8 20. Rad1 Ng4 21. Bxg7 Kxg7
22. Bf3 h5 23. c4 Rf6 24. Bxg4 Qxg4 1-0

[Event "4. Moscu Open 2008"]
[Site "Moscu RUS"]
[Date "2008.02.05"]
[Round "4.102"]
[White "Krivolapov, Vasily"]
[Black "Hambardzumian, Yuri"]
[Result "0-1"]
[WhiteElo "2135"]
[BlackElo "2378"]
[PlyCount "49"]
[EventDate "2008.02.02"]
[EventType "swiss"]
[EventRounds "9"]
[EventCountry "RUS"]
[Source "lmi"]
[SourceDate "2008.02.02"]

1. e4 c5 2. Nf3 d6 3. d4 cxd4 4. Nxd4 Nf6 5. Nc3 a6 6. Be3 e5 7. Nde2 Be7 8. f4
Qc7 9. Nd5 Nxd5 10. Qxd5 Be6 11. Qd2 Nd7 12. f5 Bc4 13. Nc3 Nf6 14. Bg5 Rc8 15.
Bxf6 Bxf6 16. Bxc4 Qxc4 17. O-O-O b6 18. Kb1 Bd8 19. Nd5 Qxe4 20. g4 O-O 21.
Rhg1 Kh8 22. h4 Rc4 23. Nc3 Qc6 24. Nd5 Rd4 25. Qg2 0-1

[Event "4. Moscu Open 2008"]
[Site "Moscu RUS"]
[Date "2008.02.05"]
[Round "4.103"]
[White "Ezhikov, Vitaly"]
[Black "Lebedev, Sergey"]
[Result "1-0"]
[WhiteElo "2314"]
[BlackElo "2590"]
[PlyCount "99"]
[EventDate "2008.02.02"]
[EventType "swiss"]
[EventRounds "9"]
[EventCountry "RUS"]
[Source "lmi"]
[SourceDate "2008.02.02"]

1. d4 d5 2. Nf3 Nf6 3. c4 e6 4. Nc3 Bb4 5. Bg5 h6 6. Bxf6 Qxf6 7. cxd5 exd5 8.
e3 O-O 9. Be2 c6 10. O-O Bf5 11. a3 Bd6 12. b4 a6 13. Qb3 Qe7 14. Na4 Nd7 15.
Nc5 Nf6 16. Rfc1 Ne4 17. Nd3 g5 18. Nfe5 f6 19. Nf3 Bd7 20. Nc5 Be8 21. Nxe4
Qxe4 22. Bd3 Qe7 23. Qc2 Bh5 24. Bf5 Kg7 25. Ne1 Be8 26. Nd3 b6 27. Qe2 Bb8 28.
Rc3 Qd6 29. g3 Rf7 30. Rac1 Re7 31. Qf3 a5 32. bxa5 Rxa5 33. Nb4 Rc7 34. e4
dxe4 35. Qxe4 Re7 36. Qf3 c5 37. dxc5 Rxc5 38. Na6 Bc6 39. Qh5 Rxc3 40. Qg6+
Kf8 41. Qxh6+ Rg7 42. Qh8+ Kf7 43. Qh5+ Ke7 44. Re1+ Qe5 45. Rxe5+ Bxe5 46. Qd1
Rxa3 47. Nb4 Be8 48. Qd5 Rc3 49. Qe6+ Kd8 50. Qxb6+ 1-0

[Event "4. Moscu Open 2008"]
[Site "Moscu RUS"]
[Date "2008.02.05"]
[Round "4.104"]
[White "Filipenko, Alexander V"]
[Black "Demidov, Mikhail"]
[Result "0-1"]
[WhiteElo "2373"]
[BlackElo "2289"]
[PlyCount "62"]
[EventDate "2008.02.02"]
[EventType "swiss"]
[EventRounds "9"]
[EventCountry "RUS"]
[Source "lmi"]
[SourceDate "2008.02.02"]

1. e4 c6 2. d3 d5 3. Nd2 g6 4. f4 Bg7 5. Ngf3 Bg4 6. h3 Bxf3 7. Qxf3 e6 8. g3
Ne7 9. Bg2 Qb6 10. c3 Nd7 11. Nb3 Nc5 12. Nxc5 Qxc5 13. Bd2 Qb6 14. O-O-O O-O-O
15. Kb1 Rd7 16. e5 Kb8 17. d4 c5 18. dxc5 Qxc5 19. Be3 Qc7 20. Rc1 Rhd8 21.
Rhd1 Bf8 22. g4 Nc6 23. Qf2 b6 24. h4 Na5 25. Bd4 Bc5 26. f5 Nc4 27. Re1 Re8
28. b3 Na3+ 29. Kb2 Nb5 30. Bxc5 Qxc5 31. Qxc5 bxc5 0-1

[Event "4. Moscu Open 2008"]
[Site "Moscu RUS"]
[Date "2008.02.05"]
[Round "4.105"]
[White "Shkurikhin, Ilia"]
[Black "Pletnev, Evgeniy"]
[Result "1-0"]
[WhiteElo "2371"]
[BlackElo "2285"]
[PlyCount "51"]
[EventDate "2008.02.02"]
[EventType "swiss"]
[EventRounds "9"]
[EventCountry "RUS"]
[Source "lmi"]
[SourceDate "2008.02.02"]

1. d4 f5 2. g3 Nf6 3. Bg2 g6 4. Nh3 Bg7 5. c3 d5 6. Nf4 O-O 7. h4 Ne4 8. Nd2 c6
9. h5 g5 10. h6 Bh8 11. Nh3 g4 12. Nf4 e5 13. dxe5 Bxe5 14. Nxe4 fxe4 15. Be3
Qd6 16. Qb3 a5 17. a4 Rf7 18. Rd1 Bf5 19. Rh5 Nd7 20. c4 d4 21. Rxf5 Nc5 22.
Rg5+ Kf8 23. Qa3 b6 24. Bxd4 Bxd4 25. Rxd4 Qxh6 26. Rxe4 1-0

[Event "4. Moscu Open 2008"]
[Site "Moscu RUS"]
[Date "2008.02.05"]
[Round "4.107"]
[White "Kreines, Mikhail"]
[Black "Nezad, Husein Aziz"]
[Result "0-1"]
[WhiteElo "2050"]
[BlackElo "2355"]
[PlyCount "84"]
[EventDate "2008.02.02"]
[EventType "swiss"]
[EventRounds "9"]
[EventCountry "RUS"]
[Source "lmi"]
[SourceDate "2008.02.02"]

1. e4 c6 2. d4 d5 3. Nc3 dxe4 4. Nxe4 Bf5 5. Ng3 Bg6 6. Nf3 Nd7 7. h4 h6 8. h5
Bh7 9. Bd3 Bxd3 10. Qxd3 e6 11. Bf4 Qa5+ 12. c3 Ngf6 13. Ne5 Nxe5 14. dxe5 Rd8
15. Qe2 Nd5 16. Bd2 Qb5 17. Qxb5 cxb5 18. Ke2 f5 19. Rac1 Rc8 20. Kf3 Bc5 21.
Ne2 Bb6 22. Nf4 Nxf4 23. Bxf4 Ke7 24. Rhd1 Rc4 25. Rd2 Rd8 26. Rcd1 Rxd2 27.
Rxd2 Bc7 28. Rd3 Ra4 29. a3 a5 30. Rd4 Rxd4 31. cxd4 Bd8 32. g4 fxg4+ 33. Kxg4
Kf7 34. Kf3 g6 35. hxg6+ Kxg6 36. Ke4 h5 37. Bh2 Be7 38. f4 h4 39. f5+ exf5+
40. Kd5 h3 41. Ke6 Bg5 42. d5 Bc1 0-1

[Event "4. Moscu Open 2008"]
[Site "Moscu RUS"]
[Date "2008.02.05"]
[Round "4.108"]
[White "Fazulyanov, Sergey"]
[Black "Rozanov, Pavel B"]
[Result "1/2-1/2"]
[WhiteElo "2355"]
[BlackElo "2253"]
[PlyCount "33"]
[EventDate "2008.02.02"]
[EventType "swiss"]
[EventRounds "9"]
[EventCountry "RUS"]
[Source "lmi"]
[SourceDate "2008.02.02"]

1. c4 c5 2. Nc3 Nc6 3. g3 g6 4. Bg2 Bg7 5. e3 e5 6. Nge2 Nge7 7. O-O O-O 8. b3
d6 9. Bb2 a6 10. Nd5 Rb8 11. d3 b5 12. Qd2 Be6 13. f4 f5 14. Nec3 Kh8 15. Rae1
Bg8 16. e4 Nxd5 17. Nxd5 1/2-1/2

[Event "4. Moscu Open 2008"]
[Site "Moscu RUS"]
[Date "2008.02.05"]
[Round "4.109"]
[White "Klimov, Anton"]
[Black "Omariev, Maksim"]
[Result "1-0"]
[WhiteElo "2351"]
[BlackElo "2242"]
[PlyCount "39"]
[EventDate "2008.02.02"]
[EventType "swiss"]
[EventRounds "9"]
[EventCountry "RUS"]
[Source "lmi"]
[SourceDate "2008.02.02"]

1. d4 d5 2. c4 c6 3. Nf3 Nf6 4. e3 g6 5. Nc3 Bg7 6. Be2 Bg4 7. O-O O-O 8. Qb3
b6 9. Bd2 e6 10. Rfc1 Bxf3 11. Bxf3 Qd7 12. Be2 Qb7 13. cxd5 cxd5 14. Nb5 Nc6
15. Qc2 Ne4 16. Qxc6 Qxc6 17. Rxc6 Nxd2 18. f3 Nc4 19. Bxc4 dxc4 20. Rxc4 1-0

[Event "4. Moscu Open 2008"]
[Site "Moscu RUS"]
[Date "2008.02.05"]
[Round "4.110"]
[White "Gvilava, Maya"]
[Black "Prokopchuk, Yury"]
[Result "0-1"]
[WhiteElo "2039"]
[BlackElo "2346"]
[PlyCount "62"]
[EventDate "2008.02.02"]
[EventType "swiss"]
[EventRounds "9"]
[EventCountry "RUS"]
[Source "lmi"]
[SourceDate "2008.02.02"]

1. d4 d5 2. c4 dxc4 3. e4 c5 4. d5 Nf6 5. Nc3 e6 6. Bxc4 exd5 7. Nxd5 Nxd5 8.
Qxd5 Qc7 9. Ne2 Be6 10. Qd3 Bxc4 11. Qxc4 Bd6 12. h3 O-O 13. O-O a6 14. Nc3 b5
15. Qe2 Nd7 16. Nd5 Qc6 17. Rd1 Rae8 18. Qf3 Be5 19. Qd3 Bd4 20. Qc2 Qg6 21.
Re1 f5 22. Nf4 Qc6 23. Be3 Bxe3 24. Rxe3 Rxe4 25. Rxe4 fxe4 26. Ne2 Ne5 27. Nc3
Nd3 28. f3 Qg6 29. Nxe4 Rxf3 30. Nxc5 h6 31. Nxd3 Rxd3 0-1

[Event "4. Moscu Open 2008"]
[Site "Moscu RUS"]
[Date "2008.02.05"]
[Round "4.111"]
[White "Egorov, Dmitry"]
[Black "Urjubdshzirov, Erdni"]
[Result "1/2-1/2"]
[WhiteElo "2590"]
[BlackElo "2173"]
[PlyCount "68"]
[EventDate "2008.02.02"]
[EventType "swiss"]
[EventRounds "9"]
[EventCountry "RUS"]
[Source "lmi"]
[SourceDate "2008.02.02"]

1. e4 e6 2. d4 c5 3. d5 exd5 4. exd5 d6 5. Bd3 Be7 6. c4 Nf6 7. h3 Na6 8. Nc3
Nc7 9. Nf3 b6 10. O-O O-O 11. b3 Re8 12. Bf4 Bb7 13. Re1 b5 14. Qc2 bxc4 15.
bxc4 Ba6 16. Ne2 g6 17. Ng3 Nd7 18. h4 Nf8 19. h5 Bc8 20. hxg6 hxg6 21. Rxe7
Qxe7 22. Ne4 f5 23. Nxd6 Qg7 24. Rd1 Rd8 25. Be5 Qh6 26. Nxf5 Bxf5 27. Bxc7 Rd7
28. Bh2 Bg4 29. Qd2 Qh5 30. Be4 Re8 31. Re1 Rh7 32. Qf4 Bxf3 33. gxf3 Nd7 34.
d6 Kh8 1/2-1/2

[Event "4. Moscu Open 2008"]
[Site "Moscu RUS"]
[Date "2008.02.05"]
[Round "4.112"]
[White "Losev, Dmitry"]
[Black "Zhadanov, Vasili B"]
[Result "0-1"]
[WhiteElo "2344"]
[BlackElo "2164"]
[PlyCount "43"]
[EventDate "2008.02.02"]
[EventType "swiss"]
[EventRounds "9"]
[EventCountry "RUS"]
[Source "lmi"]
[SourceDate "2008.02.02"]

1. e4 e6 2. d4 d5 3. Nd2 c5 4. exd5 Qxd5 5. Ngf3 cxd4 6. Bc4 Qd6 7. Qe2 Nc6 8.
Ne4 Qd8 9. Bf4 Nf6 10. O-O-O Be7 11. c3 Nd5 12. Nxd4 O-O 13. Bxd5 Qxd5 14. Kb1
Nxd4 15. Rxd4 Qf5 16. Bd6 Bxd6 17. Rxd6 e5 18. Ka1 b6 19. Ng3 Qf4 20. Nh5 Qg5
21. h4 Qe7 22. Rhd1 0-1

[Event "4. Moscu Open 2008"]
[Site "Moscu RUS"]
[Date "2008.02.05"]
[Round "4.113"]
[White "Prihotko, Alexander"]
[Black "Yeo, Michael J"]
[Result "1-0"]
[WhiteElo "2340"]
[BlackElo "2110"]
[PlyCount "67"]
[EventDate "2008.02.02"]
[EventType "swiss"]
[EventRounds "9"]
[EventCountry "RUS"]
[Source "lmi"]
[SourceDate "2008.02.02"]

1. e4 e5 2. Nf3 Nc6 3. Nc3 Nf6 4. Bb5 Bb4 5. O-O O-O 6. Bxc6 dxc6 7. d3 Bxc3 8.
bxc3 Re8 9. h3 a5 10. Bg5 h6 11. Be3 Qe7 12. Nd2 a4 13. a3 Ra5 14. Kh1 Kh7 15.
c4 Be6 16. f4 exf4 17. Bxf4 Nh5 18. Bh2 Rg5 19. Qe1 Nf6 20. Nf3 Rh5 21. Qe2 g5
22. Nd4 g4 23. e5 Nd7 24. hxg4 Rg5 25. Nf5 Bxf5 26. gxf5 Nxe5 27. Rae1 Qxa3 28.
d4 Reg8 29. dxe5 Rxg2 30. Qxg2 Rxg2 31. Kxg2 Qc3 32. e6 fxe6 33. fxe6 Qxc2+ 34.
Kg1 1-0

[Event "4. Moscu Open 2008"]
[Site "Moscu RUS"]
[Date "2008.02.05"]
[Round "4.114"]
[White "Kozlov, Vladimir N"]
[Black "Samedov, ALim"]
[Result "1-0"]
[WhiteElo "2337"]
[BlackElo "2094"]
[PlyCount "34"]
[EventDate "2008.02.02"]
[EventType "swiss"]
[EventRounds "9"]
[EventCountry "RUS"]
[Source "lmi"]
[SourceDate "2008.02.02"]

1. e4 c6 2. Nc3 d5 3. Nf3 Bg4 4. h3 Bxf3 5. Qxf3 d4 6. Ne2 e5 7. Ng3 Nf6 8. Bc4
Be7 9. Qb3 O-O 10. Qxb7 Nbd7 11. Qb3 Nc5 12. Qf3 a5 13. O-O Kh8 14. a3 Ncd7 15.
Nf5 Nb6 16. Qb3 Nh5 17. Ne3 Bd6 1-0

[Event "4. Moscu Open 2008"]
[Site "Moscu RUS"]
[Date "2008.02.05"]
[Round "4.115"]
[White "Tjurin, Alexander P"]
[Black "Polonsky, Pavel"]
[Result "1-0"]
[WhiteElo "2337"]
[BlackElo "2101"]
[PlyCount "57"]
[EventDate "2008.02.02"]
[EventType "swiss"]
[EventRounds "9"]
[EventCountry "RUS"]
[Source "lmi"]
[SourceDate "2008.02.02"]

1. e4 c5 2. Nf3 d6 3. d4 cxd4 4. Nxd4 Nf6 5. Nc3 Nc6 6. g3 g6 7. Bg2 Bg7 8.
Nde2 O-O 9. O-O Bd7 10. h3 Rc8 11. Be3 a6 12. a4 Qc7 13. g4 e6 14. Qd2 Na5 15.
b3 Rfd8 16. Bg5 Bc6 17. Qf4 Qe7 18. Rfd1 Rd7 19. Rd3 e5 20. Qe3 Qd8 21. Rad1 b5
22. axb5 axb5 23. Na2 Nb7 24. Nb4 Qa5 25. c3 Qc7 26. Nxc6 Qxc6 27. b4 Rcc7 28.
R3d2 Ne8 29. f4 1-0